| 000 | 01033nam a2200217Ia 4500 | ||
|---|---|---|---|
| 001 | 17715 | ||
| 003 | GE_BSU | ||
| 008 | 181216s||||||||xx |||||||||||||| ||und|| | ||
| 040 | _cGE_BSU | ||
| 080 | _a514(035.5) | ||
| 245 | _aТаблицы круговых и гиперболических синусов и косинусов в радианной мере угла=Tables of circular and hyperbolik silves and cosines. | ||
| 245 | _cПод ред. К.А.Карпова, ред. А.А.Логинова. | ||
| 250 | _aПерев. с англиского Г.В.Забановой, Л.А.Филимоновой. Изд. 2-е, стереотип. | ||
| 260 | _aМ. | ||
| 260 | _bВычислительный центр. | ||
| 260 | _c1969. | ||
| 300 | _a404 стр. 26 см. | ||
| 300 | _eТабл. | ||
| 653 | _aТаблицы круговых и гиперболических синусов и косинусов в радианной мере угла=Tables of circular and hyperbolik silves and cosines. | ||
| 942 | _cBK | ||
| 999 |
_c50763 _d50763 |
||